000
00246nam a2200097Ia 4500
008
240331s9999 xx 000 0 und d
082
_a
025.49
_b
ISI
100
_a
Isis Internationa. ed
245
0
_a
List of descriptors on the theme of women
942
_c
L
999
_c
666
_d
666